00340nam a22001217a 4500082003000000100002700030245005200057250001200109260002700121300002500148526003700173650000800210 a666.893bMUGcL-19, P-74. aMughal, muhammad Ilyas aConcrete TechnologycDr. Muhammad Ilyas Mughal. a1st ed, aLahore :bAziz.c1986. a136 p :bill.c18 cm a0b0c0d666_893000000000000_MUG aMCE